Thirty days to a super-power vocabulary / (Record no. 72017)

MARC details
000 -LEADER
fixed length control field 00920nam a2200325 a 4500
001 - CONTROL NUMBER
control field vtls000068607
003 - CONTROL NUMBER IDENTIFIER
control field NLI
005 - DATE AND TIME OF LATEST TRANSACTION
control field 20210601192630.0
008 - FIXED-LENGTH DATA ELEMENTS--GENERAL INFORMATION
fixed length control field 101125s1963 enk d 001 0 eng
039 #9 - LEVEL OF BIBLIOGRAPHIC CONTROL AND CODING DETAIL [OBSOLETE]
-- 201011250708
-- VLOAD
040 ## - CATALOGING SOURCE
Original cataloging agency NLI
Language of cataloging eng
Transcribing agency VTLS
Description conventions AACR2
041 0# - LANGUAGE CODE
Language code of text/sound track or separate title eng
044 ## - COUNTRY OF PUBLISHING/PRODUCING ENTITY CODE
MARC country code enk
082 04 - DEWEY DECIMAL CLASSIFICATION NUMBER
Classification number 423
100 1# - MAIN ENTRY--PERSONAL NAME
Personal name Day, Harvey
245 10 - TITLE STATEMENT
Title Thirty days to a super-power vocabulary /
Statement of responsibility, etc. by Harvey Day
260 ## - PUBLICATION, DISTRIBUTION, ETC.
Place of publication, distribution, etc. Preston :
Name of publisher, distributor, etc. A. Thomas,
Date of publication, distribution, etc. 1963
300 ## - PHYSICAL DESCRIPTION
Extent 301 p. ;
Dimensions 19 cm.
500 ## - GENERAL NOTE
General note Includes index
504 ## - BIBLIOGRAPHY, ETC. NOTE
Bibliography, etc. note Bibliography: p. 295-296
650 #0 - SUBJECT ADDED ENTRY--TOPICAL TERM
Topical term or geographic name entry element English language
Form subdivision Glossaires, vocabularies
9 (RLIN) 139452
650 #0 - SUBJECT ADDED ENTRY--TOPICAL TERM
Topical term or geographic name entry element English language
Form subdivision Dictionaries
9 (RLIN) 4016
650 #0 - SUBJECT ADDED ENTRY--TOPICAL TERM
Topical term or geographic name entry element English etymology
9 (RLIN) 143203
887 ## - NON-MARC INFORMATION FIELD
Content of non-MARC field
901 ## - LOCAL DATA ELEMENT A, LDA (RLIN)
a 354829
b 29.07.1963
902 ## - LOCAL DATA ELEMENT B, LDB (RLIN)
a E423 D331
906 ## - LOCAL DATA ELEMENT F, LDF (RLIN)
a 0000708
949 ## - LOCAL PROCESSING INFORMATION (OCLC)
-- VIRTUAITEM
-- 10000
-- 100
6 PUR000354829ENG
942 ## - ADDED ENTRY ELEMENTS (KOHA)
Source of classification or shelving scheme Dewey Decimal Classification
Koha item type Books
Holdings
Withdrawn status Lost status Damaged status Not for loan Collection code Home library Current library Shelving location Date acquired Total Checkouts Full call number Barcode Date last seen Price effective from Koha item type
        New English National Library of India National Library of India New English - Main Stack Division     E423 D331 PUR000354829ENG 01/06/2021 01/06/2021 Books
                                                                           
web counter

Copyright ©2020 The National Library of India, Govt. of India ↔ Hosted by NVLI, MOC ↔ Technology and Design by National Library of India, Ministry of Culture, Govt. of India